| 000 | 00878nas a2200277 4500 | ||
|---|---|---|---|
| 001 | BR0102470 | ||
| 003 | BR-BrBNA | ||
| 005 | 20231205102239.0 | ||
| 007 | ta | ||
| 008 | 230509b bl.|||p| |||| 00| 00por d | ||
| 040 |
_aBR-BrBNA _bpor _cBiblioteca Nacional de Agricultura |
||
| 041 | _a(Pt) | ||
| 072 | _aM11 | ||
| 100 | 1 | _aWinckler-Sosinski, L.T. | |
| 100 | 1 | _aLeboute, E.M. | |
| 245 | 1 | _aDesempenho de tilapia do Nilo (Oreochromis niloticus)criada em gaiolas flutuantes, com diferentes taxas de estocagem e pesos iniciais, no sul do Brasil | |
| 650 | _aTilapia Nilotica | ||
| 650 | _aGanho de Peso | ||
| 650 | _aGaiola | ||
| 650 | _aEstocagem | ||
| 650 | _aAbate | ||
| 650 | _aSul | ||
| 773 | 0 |
_tBoletim do Instituto de Pesca (Brazil) _xISSN 0046-9939 _g(2000), v. 26(1) p. 41-48 _wBR0102470 |
|
| 909 |
_a202311 _bLúcia _c55 _dLúcia Elande |
||
| 942 |
_2AGRIS _n0 _cANA |
||
| 999 |
_c166546 _d166546 |
||